000 00659nam a2200181Ia 4500
008 151202s9999||||xx |||||||||||||| ||und||
082 _bPNVM-56947
100 _aचेस जेम्स हॅडले.
245 _aअशाच एका काळरात्री.
260 _bनिशिगंाा प्रकाशन पुणे.
260 _c1994
300 _a168
600 _aचेस जेम्स हॅडले.
630 _aअशाच एका काळरात्री.
700 _aचेस जेम्स हॅडले.
730 _aअशाच एका काळरात्री.
942 _cBOOK
999 _c1323485
_d1323482